random english words to italian - Statistics

General Stats
  • This quiz has been taken 79 times
    50 since last reset
  • The average score is 45 of 98
Answer Stats
English Italian % Correct
dog cane
88%
mother madre
88%
fish pesce
83%
always sempre
83%
easy facile
80%
black nero
80%
old vecchio
80%
white bianco
75%
happy felice
75%
meat carne
73%
daughter figlia
73%
intelligent intelligente
73%
bathroom (m) bagno
70%
strong forte
68%
garden giardino
65%
winter inverno
65%
christmas natale
65%
to like piacere
65%
to walk camminare
63%
lemon limone
63%
i like mi piace
63%
clock orologio
63%
to lose perdere
63%
dinner cena
60%
to cook cucinare
60%
summer estate
60%
brother fratello
60%
we can possiamo
60%
left sinistra
60%
orange arancia
58%
autumn autunno
58%
chocolate (m) cioccolato
58%
right destra
58%
to watch guardare
58%
time tempo
58%
head testa
58%
arm (m) braccio
55%
nervous nervoso
55%
to want volere
55%
expensive caro
53%
he ate ha mangiato
53%
to teach insegnare
53%
nose (m) naso
53%
to think pensare
53%
dangerous pericoloso
53%
tired stanco
53%
breakfast colazione
50%
i opened ho aperto
50%
he eats lui mangia
50%
money soldi
50%
milk latte
48%
he did ha fatto
45%
to know sapere
45%
cake torta
45%
garlic aglio
43%
really davvero
43%
young giovane
43%
i saw ho visto
43%
to learn imparare
43%
they write scrivono
43%
to break (an object) rompere
40%
to come venire
40%
to understand capire
38%
juice succo
38%
vase vaso
38%
ring anello
35%
neck collo
35%
to draw disegnare
35%
i do faccio
35%
i wrote ho scritto
35%
how do you say? come si dice?
33%
to write scrivere
33%
necklace (f) collana
30%
you cried hai pianto
30%
potatoes patate
30%
you live vivi
30%
he saw ha visto
28%
enough abbastanza
25%
often spesso
25%
we laughed abbiamo riso
23%
you drank hai bevuto
23%
i lived ho vissuto
23%
instead of invece di
23%
to leave partire
23%
he put ha messo
20%
to get dressed vestirsi
20%
quite abbastanza
18%
the homework i compiti
15%
whilst mentre
15%
i sit mi siedo
15%
he broke ha rotto
13%
sink (m) lavandino
13%
they turned on hanno acceso
10%
delicious buonissimo
8%
to break (a bone) fratturare
5%
plane l'aereo
5%
usually solitamente
5%
thats enough basta cosi
3%
No matching quizzes found
Score Distribution
Percent of People with Each Score
Percentile by Number Answered
Your Score History
You have not taken this quiz since the last reset